<?xml version="1.0" encoding="UTF-8"?>
<resp>
  <nextPage>https://data.bn.org.pl/api/networks/bibs.marcxml?marc=001+b00001150001470&amp;sinceId=1150001471</nextPage>
  <collection>
    <record xmlns='http://www.loc.gov/MARC21/slim'><leader>00923namZa2200301ZiZ4500</leader><controlfield tag='001'>b00001150001470</controlfield><controlfield tag='005'>20241203220439.4</controlfield><controlfield tag='008'>230609s        pl           |000 0 pol c</controlfield><controlfield tag='009'>9913262238505606</controlfield><datafield ind1=' ' ind2=' ' tag='020'><subfield code='a'>MKras / DA</subfield></datafield><datafield ind1=' ' ind2=' ' tag='035'><subfield code='a'>KR_1KR_1_20120317235718088306-48omnis_kr</subfield></datafield><datafield ind1=' ' ind2=' ' tag='035'><subfield code='a'>KR_1_20120317235718088306</subfield><subfield code='9'>ExL</subfield></datafield><datafield ind1=' ' ind2=' ' tag='035'><subfield code='a'>(PL)b00001150001470</subfield></datafield><datafield ind1=' ' ind2=' ' tag='040'><subfield code='a'>KR_1</subfield><subfield code='c'>KR_1</subfield></datafield><datafield ind1='1' ind2=' ' tag='041'><subfield code='a'>pol</subfield><subfield code='h'>eng</subfield></datafield><datafield ind1='1' ind2=' ' tag='100'><subfield code='a'>Patience, John</subfield><subfield code='d'>(1949- )</subfield></datafield><datafield ind1='1' ind2='0' tag='245'><subfield code='a'>Księga olbrzymów /</subfield><subfield code='c'>John Patience ; przeł. Ewa Komorowska.</subfield></datafield><datafield ind1=' ' ind2=' ' tag='260'><subfield code='a'>W-wa :</subfield><subfield code='b'>&quot;ALFA&quot;,</subfield><subfield code='c'>1991.</subfield></datafield><datafield ind1=' ' ind2=' ' tag='300'><subfield code='a'>[16]s. :</subfield><subfield code='b'>Il. kolor. ;</subfield><subfield code='c'>30 cm.</subfield></datafield><datafield ind1='1' ind2=' ' tag='490'><subfield code='a'>Bajki ze szczęśliwym zakończeniem.</subfield></datafield><datafield ind1=' ' ind2=' ' tag='500'><subfield code='a'>d</subfield></datafield><datafield ind1='1' ind2=' ' tag='700'><subfield code='a'>Komorowska, Ewa</subfield><subfield code='e'>Tł.</subfield></datafield><datafield ind1=' ' ind2=' ' tag='852'><subfield code='b'>48OMNIS_NETWORK</subfield><subfield code='8'>9913262238505606</subfield></datafield><datafield ind1=' ' ind2=' ' tag='852'><subfield code='b'>48OMNIS_KR</subfield><subfield code='8'>991000014699708216</subfield></datafield><datafield ind1=' ' ind2=' ' tag='920'><subfield code='a'>83-7001-597-2</subfield></datafield></record>
  </collection>
</resp>
